000
00288nam a2200121Ia 4500
008
220120s9999||||xx |||||||||||||| ||und||
082
_a
621.382 GOD
100
_a
Godse, A.P
_9
1195
245
0
_a
Basic electronics
260
_b
New Delhi
300
_b
0
650
_a
HEAT AND MASS TRANSFOR
999
_c
136258
_d
136258